| 000 | 00000nam##2200000za#4500 |
| 001 | 9.573058 |
| 003 | CaOODSP |
| 005 | 20210624183524 |
| 007 | cr ||||||||||| |
| 008 | 150406|2003||||xxc|||||o f|0| 0 eng|d |
| 040 | |aCaOODSP|beng |
| 043 | |an-cn--- |
| 086 | 1 |aBT31-4/40-2003E-PDF |
| 110 | 1 |aCanada. |bTreasury Board. |
| 245 | 10|aEconomic Development Canada, estimates for the period ending March 31, 2003 : |h[electronic resource]|bperformance report |
| 246 | 1 |iVariant title : |aCanada Economic Development for Quebec Regions - performance report |
| 260 | |bTreasury Board of Canada Secretariat |c2003. |
| 300 | |a153p.|bfigs., graphs, organization chart, tables |
| 490 | 1 |aPerformance report for the period ending March 31, 2003 |
| 590 | |a12-06-Supp|b2012-03-07 |
| 775 | 08|tDéveloppement économique Canada - budget des dépenses pour la période se terminant le 31 mars 2003 : |w(CaOODSP)9.603295 |
| 776 | 0#|tCanada Economic Development for Quebec Regions |w(CaOODSP)9.538262 |
| 776 | 0#|tDéveloppement économique Canada pour les régions du Québec |w(CaOODSP)9.538263 |
| 830 | #0|aPerformance report for the period ending March 31, 2003.|w(CaOODSP)9.504909 |
| 856 | 40|ahttp://publications.gc.ca|qPDF|s550 KB|uhttps://publications.gc.ca/collections/collection_2012/sct-tbs/BT31-4-40-2003-eng.pdf |